| 000 | 01448nam0a22002891 4500 | ||
|---|---|---|---|
| 001 | rc\1030724 | ||
| 005 | 20260406121645.0 | ||
| 035 | _a(NLR Aleph) 006194405 | ||
| 090 |
_a6200442 _c6200442 |
||
| 100 | _a20041129d1981 |||y0rusy50 ca | ||
| 101 | 0 | _arus | |
| 102 | _aRU | ||
| 105 | _aa ||||||||| | ||
| 200 | 1 |
_aТехногенные потоки вещества в ландшафтах и состояние экосистем _dTechnogenic flows of substances in landscapes and their effects on ecosystems _e[Сб. статей] _fАН СССР, Секция хим.-технол. и биол. наук, Сов. ком. по программе ЮНЕСКО "Человек и биосфера" _g[Ред. М.А. Глазовская] |
|
| 210 |
_aМ. _cНаука _d1981 |
||
| 215 |
_a255 с. _cил. _d22 |
||
| 225 | 1 | _aПрограмма ЮНЕСКО "Человек и биосфера" | |
| 300 | _aРез. статей англ. | ||
| 320 | _aБиблиогр. в конце статей | ||
| 510 | 0 | _aTechnogenic flows of substances in landscapes and their effects on ecosystems | |
| 702 | 1 |
_aГлазовская _bМ.А. _gМария Альфредовна _4340 |
|
| 712 | 0 | 2 |
_aАН СССР _bСекция химико-технологических и биологических наук _3RU\NLR\AUTH\8814262 _9301686 |
| 801 | 0 |
_aRU _bNLR _gpsbo |
|
| 801 | 1 |
_aRU _bELAR _2rusmarc |
|
| 852 |
_aNLR _j81-5/6846 |
||
| 942 | _cBOOK | ||
| 980 | _aNB | ||